000 00608nam a2200217Ia 4500
008 101110s9999 xx 000 0 und d
041 _aENGLISH
082 _bSR31196
100 _aLingayat S.K., Yamgar R.S., Choudhari Rajendra, Mandhre P.N.
245 _aHandbook of chemistry practicals FYBSc
260 _c2008
_b Sheth publishers,Mumbai
300 _a75
365 _b50
520 _aChemistry
546 _aENGLISH
630 _aHandbook of chemistry practicals FYBSc
650 _aChemistry
655 _aChemistry
730 _aHandbook of chemistry practicals FYBSc
942 _cBOOK
999 _c823699
_d823696